00504cam a2200145Ka 450000100070000000500170000700800410002402000150006504100110008010000340009124501160012526000400024130000210028150000560030252478920200421093818.0980414s1978 stk 000 0 gae d a09042652260 agaeeng1 aCaimbeul, Aonghas Phàdraig.10aBardachd a' bhocsair :bAonghas Caimbeul, 1908-1949, Mac Alasdair Mhurchaidh Oig a Suaineabost, Nis, Leódhas. aLoanhead :bC. Macdhomnaill,c1978. a135 p. ;c22 cm. a2 poems in English in appendix, the rest in Gaelic.